| 000 | 00512nam a2200181Ia 4500 | ||
|---|---|---|---|
| 001 | 44475 | ||
| 008 | 140428s9999 xx 000 0 und d | ||
| 020 | _aNA | ||
| 040 | _cPK-LaUMT | ||
| 082 |
_aRHC 297.082 _bABD-D |
||
| 100 | _aAbdul Hai, Abu Saleem Muhammad | ||
| 245 |
_aDeen ki hifaazat (Urdu) _bmuslim khawateen kay karnay ka kaam _cAbdul Hai, Abu Saleem Muhammad |
||
| 260 |
_aLahore,Pakistan: _bIslamic Publications, _c1963 |
||
| 300 | _a120 p. | ||
| 546 | _aUR | ||
| 650 | _aIslam-Women | ||
| 942 | _cBK | ||
| 999 |
_c42468 _d42468 |
||